000 00652nam a2200253Ia 4500
003 OSt
005 20221007104210.0
006 a|||||r|||| 00| 0
007 ta
008 221006b |||||||| |||| 00| 0 eng d
024 _a15,176
037 _cTextual
040 _aLCO
_cLCO
_beng
041 _2eng
_aeng
082 _aZ3,91, E4
100 _aBentham's J
_9705871
245 0 _aTheory of Legislation
260 _aLondon
_bOxford University Press UK
_c1914
300 _a310, 362
490 _vVol-1 & 21
650 _aLEGISLATION
_9688906
942 _hZ3,91, E4
_cTEXL
999 _c1184739
_d1184739